| 000 | 00714nam a22002417a 4500 | ||
|---|---|---|---|
| 003 | UA-OsUOA | ||
| 001 | 56793 | ||
| 007 | ta | ||
| 008 | 20081111b un ||||| |||| 00| 0 ukr d | ||
| 100 | _aОжигова О. | ||
| 090 |
_a811.161.2 _bО-45 |
||
| 942 | _cBK | ||
| 040 |
_aUA-OsUOA _bukr _cUA-OsUOA _dUA-OsUOA |
||
| 245 |
_aУкраїнська мова: зворотний зв'язок _bПосібник |
||
| 300 | _a184 с. | ||
| 955 | _a2 | ||
| 041 | _aukr | ||
| 080 | _a811.161.2 | ||
| 020 | _a978-966-349-054-Х | ||
| 260 |
_aК. _bГрамота _c2007 |
||
| 650 | 7 |
_a8 Мовознавство. Художня література. Літературознавство _2UDC |
|
| 999 |
_c342869 _d342869 |
||